Safeguards Assessments : 2006 Update.

This paper provides Executive Directors with an update of safeguards assessment activities through the first half of 2006. This is the first update report following the review of the safeguards policy in April 2005, when Directors agreed that such reports should be prepared on an annual basis going...

Ausführliche Beschreibung

Bibliographische Detailangaben
Körperschaft: International Monetary Fund
Format: Zeitschrift
Sprache:English
Veröffentlicht: Washington, D.C. : International Monetary Fund, 2006.
Schriftenreihe:Policy Papers; Policy Paper ; No. 2006/061
Schlagworte:
Online Zugang:Full text available on IMF
LEADER 01536cas a2200313 a 4500
001 AALejournalIMF019609
008 230101c9999 xx r poo 0 0eng d
020 |c 5.00 USD 
020 |z 9781498332118 
022 |a 2663-3493 
040 |a BD-DhAAL  |c BD-DhAAL 
110 2 |a International Monetary Fund. 
245 1 0 |a Safeguards Assessments :   |b 2006 Update. 
264 1 |a Washington, D.C. :  |b International Monetary Fund,  |c 2006. 
300 |a 1 online resource (9 pages) 
490 1 |a Policy Papers 
500 |a <strong>Off-Campus Access:</strong> No User ID or Password Required 
500 |a <strong>On-Campus Access:</strong> No User ID or Password Required 
506 |a Electronic access restricted to authorized BRAC University faculty, staff and students 
520 3 |a This paper provides Executive Directors with an update of safeguards assessment activities through the first half of 2006. This is the first update report following the review of the safeguards policy in April 2005, when Directors agreed that such reports should be prepared on an annual basis going forward rather than on a semi-annual basis. 
538 |a Mode of access: Internet 
650 7 |a Central Bank Counterpart  |2 imf 
650 7 |a Central Bank  |2 imf 
650 7 |a Policy Review  |2 imf 
650 7 |a Policy  |2 imf 
650 7 |a PP  |2 imf 
651 7 |a Haiti  |2 imf 
830 0 |a Policy Papers; Policy Paper ;  |v No. 2006/061 
856 4 0 |z Full text available on IMF  |u http://elibrary.imf.org/view/journals/007/2006/061/007.2006.issue-061-en.xml  |z IMF e-Library